Learning Resource and Development

Field study 4 : (Record no. 1461)

MARC details
000 -LEADER
fixed length control field 00779nam a22002297a 4500
005 - DATE AND TIME OF LATEST TRANSACTION
control field 20230512221225.0
008 - FIXED-LENGTH DATA ELEMENTS--GENERAL INFORMATION
fixed length control field 180205t xxu||||| |||| 00| 0 eng d
020 ## - INTERNATIONAL STANDARD BOOK NUMBER
International Standard Book Number 9789719802990
040 ## - CATALOGING SOURCE
Transcribing agency CSPC
082 0# - DEWEY DECIMAL CLASSIFICATION NUMBER
Classification number 371.78
Item number R261f
100 ## - MAIN ENTRY--PERSONAL NAME
Personal name Reganit, Arnulfo Aaron R.,
Relator term author.
245 00 - TITLE STATEMENT
Title Field study 4 :
Remainder of title exploring the curriculum
Statement of responsibility, etc. Arnulfo Aaron R. Reganit
250 ## - EDITION STATEMENT
Edition statement 2nd
Remainder of edition statement Edition.
260 ## - PUBLICATION, DISTRIBUTION, ETC.
Place of publication, distribution, etc. Quezon City :
Name of publisher, distributor, etc. C & E Publishing.
Date of publication, distribution, etc. 2015.
300 ## - PHYSICAL DESCRIPTION
Extent 79 pages :
Other physical details tables;
Dimensions 25 cm.
650 10 - SUBJECT ADDED ENTRY--TOPICAL TERM
Topical term or geographic name entry element Fieldwork(Educational Method)
650 10 - SUBJECT ADDED ENTRY--TOPICAL TERM
Topical term or geographic name entry element Curriculum planning.
700 1# - ADDED ENTRY--PERSONAL NAME
Personal name Gavino, Renato L.,
Relator term author.
942 ## - ADDED ENTRY ELEMENTS (KOHA)
Koha item type
-- FIL 371.78 R261f 2015
Holdings
Withdrawn status Lost status Damaged status Not for loan Home library Current library Shelving location Date acquired Total Checkouts Full call number Barcode Date last seen Copy number Price effective from Koha item type
        Main Library Main Library Filipiniana Section 05/12/2023   FIL 371.78 R261f 2015 016803 05/12/2023 1-5 05/12/2023 Books
        Main Library Main Library Filipiniana Section 05/12/2023   FIL 371.78 R261f 2015 016806 05/12/2023 2-5 05/12/2023 Books
        Main Library Main Library Filipiniana Section 05/12/2023   FIL 371.78 R261f 2015 016804 05/12/2023 3-5 05/12/2023 Books
        Main Library Main Library Filipiniana Section 05/12/2023   FIL 371.78 R261f 2015 016805 05/12/2023 4-5 05/12/2023 Books
        Main Library Main Library Filipiniana Section 05/12/2023   FIL 371.78 R261f 2015 016807 05/12/2023 5-5 05/12/2023 Books